World's top 10 buisiest airports in the World 2023 - Statistics

General Stats
  • This quiz has been taken 35 times
  • The average score is 7 of 10
Answer Stats
2023 Rankings 2022 Rankings 2021 Rankings Airport % Correct
1 1 1 Atlanta
100%
4 8 7 London
89%
2 5 4 Dubai
82%
7 7 28 Istanbul
79%
5 16 5 Tokyo
79%
9 4 6 Chicago
71%
8 6 3 Los Angeles
71%
10 9 17 New Delhi
61%
3 2 10 Dallas
57%
6 3 16 Denver
57%
No matching quizzes found
Score Distribution
Percent of People with Each Score
Percentile by Number Answered
Your Score History
You have not taken this quiz